| 000 | 00661nam a2200205Ia 4500 | ||
|---|---|---|---|
| 003 | IN-BaIIA | ||
| 008 | 211028s9999 xx 000 0 eng d | ||
| 020 | _a0-07-451852-6 | ||
| 040 | _cIIA Library | ||
| 080 |
_a621.1 _bRAN |
||
| 100 |
_aRangan, C. S. _913335 |
||
| 245 | 0 |
_aInstrumentation _bdevices and systems _cC. S. Rangan, G. R. Sarma and V. S. V. Mani |
|
| 260 |
_aNew Delhi _bTata McGraw-Hill _c1983 |
||
| 300 | _axii, 529p. | ||
| 650 |
_aElectronic measurement _913336 |
||
| 650 |
_aInstrumentation devices _913337 |
||
| 700 |
_aMani, V. S. V. _913338 |
||
| 700 |
_aSarma, G. R. _913339 |
||
| 942 | _cBK | ||
| 999 |
_c7912 _d7912 |
||